| 000 | 00000nam 2200000za 4500 |
| 001 | 9.842264 |
| 003 | CaOODSP |
| 005 | 20250403105952 |
| 007 | cr ||||||||||| |
| 008 | 170913s2017 oncad os f000 0 fre d |
| 020 | |a978-0-660-09394-9 |
| 040 | |aCaOODSP|bfre |
| 043 | |an-cn--- |
| 086 | 1 |aCS11-627/2017-26F-PDF |
| 245 | 03|aLe revenu au Canada |h[ressource électronique]. |
| 260 | |a[Ottawa] : |bStatistique Canada, |c[2017] |
| 300 | |a[1] p. : |bgraph. en coul., ill. en coul. |
| 500 | |aPubl. aussi en anglais sous le titre : Income in Canada. |
| 500 | |aTitre de départ. |
| 500 | |a« Recensement de 2016. » |
| 520 | |a« Fondée sur les données du Recensement de 2016, l'infographie suivante examine le revenu au Canada, y compris le revenu total médian des ménages, les personnes vivant dans un ménage à faible revenu, les revenus des couples et l’utilisation d’une compte d’épargne donnant droit à une aide fiscale » -- Fourni par l'éditeur. |
| 651 | 6|aCanada|xRecensement, 2016. |
| 692 | 07|2gccst|aRevenu familial |
| 692 | 07|2gccst|aDonnées du recensement |
| 710 | 2 |aStatistique Canada. |
| 775 | 08|tIncome in Canada |w(CaOODSP)9.842263 |
| 856 | 40|qPDF|s667 Ko|uhttps://publications.gc.ca/collections/collection_2017/statcan/11-627-m/11-627-m2017026-fra.pdf |
| 986 | |a11-627-M, n° 2017026 |